Pays de naissance des joueurs de l'Equipe de France de football - Statistiques

Statistiques générales
  • Ce quiz a été pris 174 fois
  • Le résultat moyen est 11 sur 17
Statistiques - réponses
Nombre de joueurs Pays % Correct
71 France
98%
13 Algérie
95%
2 Espagne
95%
4 Maroc
95%
1 Italie
85%
2 Sénégal
84%
2 Allemagne
79%
2 Cameroun
77%
2 République démocratique du Congo
74%
1 Mali
70%
1 Suisse
65%
1 Angola
42%
1 Ghana
41%
2 Argentine
38%
1 Luxembourg
30%
1 Autriche
26%
1 Uruguay
9%
Aucun quiz correspondant
Distribution des résultats
% des personnes avec chaque résultat
Percentile par nombre de réponses
Votre historique - résultats
Vous n’avez pas pris ce quiz